Vývoj zamestnanosti v okrese Vranov nad Topľou do roku 2000 záverečná práca postgraduálneho štúdia

Na minha lista:
Detalhes bibliográficos
Autor principal: Majerčin, Ladislav
Autor Corporativo: Vysoká škola ekonomická v Bratislave
Outros Autores: Kozíková, Emília
Formato: Livro
Idioma:eslovaco
Publicado em: Bratislava 1987
Tags: Adicionar Tag
Sem tags, seja o primeiro a adicionar uma tag!

MARC

LEADER 00000nam a2200000 4500
001 c024693
005 20221219095445.7
041 0 |a slo 
044 |a SK 
245 1 0 |a Vývoj zamestnanosti v okrese Vranov nad Topľou do roku 2000  |b záverečná práca postgraduálneho štúdia  |c Ladislav Majerčin ; Ved. práce Emília Kozíková 
264 1 |a Bratislava  |c 1987 
300 |a 41 s. 
100 1 |a Majerčin, Ladislav 
700 1 |a Kozíková, Emília 
710 2 |a Vysoká škola ekonomická v Bratislave